| 000 | 00646nam a2200205 a 4500 | ||
|---|---|---|---|
| 001 | BRCA_5875 | ||
| 005 | 20190320205240.0 | ||
| 008 | 160311t1918----mx-#######---#000-0#spa-# | ||
| 041 | _aspa | ||
| 044 | _amx | ||
| 050 | 4 |
_aGB133 _b.W56 _c1918 |
|
| 245 | 1 | 0 |
_aMorfología y origen de la mesa central de México. _cpor Ernesto Wittich. |
| 260 |
_aMéxico _bServicio de informaciones alemanas en México. _c1918 |
||
| 300 |
_a15 p. _c23 cm. |
||
| 440 | 0 |
_aDisertaciones científicas de autorers alemanes en México _v1 _914868 |
|
| 500 | _aH122 | ||
| 650 | 1 | 4 |
_aGeografía física. _zMesa central de México. _914869 |
| 902 | _aGFM | ||
| 942 |
_2lcc _cB |
||
| 999 |
_c5564 _d5564 |
||